| 000 | 00750nam a2200217 u 4500 | ||
|---|---|---|---|
| 005 | 20240910063803.0 | ||
| 008 | 090824s2005 r 000 0 eng d | ||
| 020 | _a8432910929 | ||
| 035 | _aUPN01000172000 | ||
| 049 | _aCG | ||
| 050 | 4 |
_aRJ506 H9 _bG3.6 |
|
| 100 | 1 |
_aGargallo López, Bernardo _939315 |
|
| 245 | 1 | 0 |
_aNiños hiperactivos (TDA-H) : _bcausas, identificación, tratamiento : una guía para educadores / _cBernardo Gargallo López. |
| 260 |
_aBarcelona, Esp. : _bCEAC, _c2005. |
||
| 300 | _a213 p. | ||
| 440 | 0 |
_aInfancia y desarrollo especial. _pEducación especial |
|
| 650 | 4 |
_aHiperactividad _93080 |
|
| 650 | 4 |
_aNiños hiperactivos _93076 |
|
| 650 | 4 |
_aNiños con trastorno por déficit de la atención _92908 |
|
| 905 | _aLibro | ||
| 999 |
_c144104 _d144104 |
||